Top XIs: Manchester City (1978-2023) - Statistics

General Stats
  • This quiz has been taken 702 times
  • The average score is 130 of 450
Answer Stats
Hint Position Answer % Correct
2000/2001 MF Alf-Inge Håland
97%
2022/2023 ST Erling Håland
97%
2011/2012 ST Sergio Agüero
97%
2014/2015 ST Sergio Agüero
97%
2015/2016 ST Sergio Agüero
97%
2016/2017 ST Sergio Agüero
97%
2017/2018 ST Sergio Agüero
97%
2018/2019 ST Sergio Agüero
97%
2015/2016 MF Kevin De Bruyne
96%
2016/2017 MF Kevin De Bruyne
96%
2017/2018 MF Kevin De Bruyne
96%
2019/2020 MF Kevin De Bruyne
96%
2021/2022 MF Kevin De Bruyne
96%
2022/2023 MF Kevin De Bruyne
96%
2010/2011 MF David Silva
92%
2011/2012 MF David Silva
92%
2012/2013 MF David Silva
92%
2014/2015 MF David Silva
92%
2016/2017 MF David Silva
92%
2017/2018 MF David Silva
92%
2018/2019 MF David Silva
92%
2017/2018 DF Kyle Walker
91%
2018/2019 DF Kyle Walker
91%
2019/2020 DF Kyle Walker
91%
2020/2021 DF Kyle Walker
91%
2021/2022 DF Kyle Walker
91%
2022/2023 DF Kyle Walker
91%
2016/2017 DF John Stones
89%
2017/2018 DF John Stones
89%
2018/2019 DF John Stones
89%
2020/2021 MF Phil Foden
86%
2021/2022 MF Phil Foden
86%
2022/2023 MF Phil Foden
86%
2015/2016 MF Raheem Sterling
85%
2016/2017 MF Raheem Sterling
85%
2017/2018 MF Raheem Sterling
85%
2018/2019 MF Raheem Sterling
85%
2019/2020 MF Raheem Sterling
85%
2019/2020 MF Rodri
85%
2020/2021 MF Rodri
85%
2021/2022 MF Rodri
85%
2022/2023 MF Rodri
85%
2020/2021 DF Rúben Dias
84%
2021/2022 DF Rúben Dias
84%
2022/2023 DF Rúben Dias
84%
2008/2009 DF Vincent Kompany
84%
2010/2011 DF Vincent Kompany
84%
2011/2012 DF Vincent Kompany
84%
2012/2013 DF Vincent Kompany
84%
2018/2019 MF İlkay Gündogan
83%
2019/2020 MF İlkay Gündogan
83%
2020/2021 MF İlkay Gündogan
83%
2021/2022 MF Jack Grealish
82%
2022/2023 MF Jack Grealish
82%
1986/1987 MF Tony Grealish
82%
2013/2014 MF Fernandinho
79%
2015/2016 MF Fernandinho
79%
2016/2017 MF Fernandinho
79%
2017/2018 MF Fernandinho
79%
2019/2020 DF Fernandinho
79%
2020/2021 DF João Cancelo
79%
2021/2022 DF João Cancelo
79%
2022/2023 DF João Cancelo
79%
2019/2020 ST Gabriel Jesus
78%
2020/2021 ST Gabriel Jesus
78%
2022/2023 DF Nathan Aké
78%
2018/2019 DF Aymeric Laporte
76%
2021/2022 DF Aymeric Laporte
76%
2010/2011 MF Yaya Touré
74%
2011/2012 MF Yaya Touré
74%
2012/2013 MF Yaya Touré
74%
2013/2014 MF Yaya Touré
74%
2014/2015 MF Yaya Touré
74%
2015/2016 MF Yaya Touré
74%
2012/2013 ST Edin Džeko
73%
2013/2014 ST Edin Džeko
73%
2009/2010 DF Kolo Touré
73%
2020/2021 MF Riyad Mahrez
72%
2021/2022 ST Riyad Mahrez
72%
2022/2023 MF Riyad Mahrez
72%
2008/2009 DF Pablo Zabaleta
68%
2009/2010 DF Pablo Zabaleta
68%
2010/2011 DF Pablo Zabaleta
68%
2012/2013 DF Pablo Zabaleta
68%
2013/2014 DF Pablo Zabaleta
68%
2014/2015 DF Pablo Zabaleta
68%
2009/2010 ST Carlos Tévez
67%
2010/2011 ST Carlos Tévez
67%
2012/2013 ST Carlos Tévez
67%
2015/2016 DF Nicolas Otamendi
67%
2016/2017 DF Nicolas Otamendi
67%
2017/2018 DF Nicolas Otamendi
67%
2019/2020 DF Nicolás Otamendi
67%
2016/2017 MF Leroy Sané
64%
2017/2018 MF Leroy Sané
64%
2018/2019 MF Leroy Sané
64%
2011/2012 ST Mario Balotelli
64%
2018/2019 DF Oleksandr Zinchenko
62%
2020/2021 DF Oleksandr Zinchenko
62%
2011/2012 DF Gaël Clichy
61%
2012/2013 DF Gaël Clichy
61%
2013/2014 DF Gaël Clichy
61%
2014/2015 DF Gaël Clichy
61%
2016/2017 DF Gaël Clichy
61%
2011/2012 MF Samir Nasri
60%
2012/2013 MF Samir Nasri
60%
2013/2014 MF Samir Nasri
60%
2018/2019 MF Bernardo Silva
57%
2019/2020 MF Bernardo Silva
57%
2020/2021 MF Bernardo Silva
57%
2021/2022 MF Bernardo Silva
57%
2014/2015 MF Fernando
57%
2008/2009 ST
57%
2013/2014 DF Aleksandar Kolarov
54%
2015/2016 DF Aleksandar Kolarov
54%
2016/2017 DF Aleksandar Kolarov
54%
2015/2016 DF Bacary Sagna
53%
2010/2011 MF James Milner
53%
2014/2015 MF James Milner
53%
2019/2020 DF Benjamin Mendy
52%
2009/2010 MF Gareth Barry
52%
2010/2011 MF Gareth Barry
52%
2011/2012 MF Gareth Barry
52%
2012/2013 MF Gareth Barry
52%
2008/2009 ST Robinho
52%
2001/2002 MF S. Wright-Phillips
51%
2002/2003 MF S. Wright-Phillips
51%
2003/2004 MF S. Wright-Phillips
51%
2004/2005 MF S. Wright-Phillips
51%
2008/2009 MF S. Wright-Phillips
51%
2009/2010 MF S. Wright-Phillips
51%
2013/2014 DF Martin Demichelis
50%
2014/2015 DF Martin Demichelis
50%
2006/2007 DF Micah Richards
49%
2007/2008 DF Micah Richards
49%
2008/2009 DF Micah Richards
49%
2011/2012 DF Micah Richards
49%
2014/2015 MF Jesús Navas
47%
2015/2016 MF Jesús Navas
47%
2009/2010 DF Joleon Lescott
46%
2010/2011 DF Joleon Lescott
46%
2011/2012 DF Joleon Lescott
46%
2014/2015 DF Eliaquim Mangala
42%
2015/2016 DF Eliaquim Mangala
42%
2013/2014 ST Álvaro Negredo
40%
2009/2010 ST Emmanuel Adebayor
39%
1984/1985 MF David Phillips
35%
2008/2009 MF Nigel de Jong
32%
2009/2010 MF Nigel de Jong
32%
2010/2011 MF Nigel de Jong
32%
1983/1984 ST Gordon Smith
29%
1984/1985 ST Gordon Smith
29%
2005/2006 ST Andy Cole
28%
2002/2003 ST Nicolas Anelka
28%
2003/2004 ST Nicolas Anelka
28%
2017/2018 DF Danilo
27%
2013/2014 MF Javi García
26%
2012/2013 DF Matija Nastasić
26%
2007/2008 MF Elano
25%
2008/2009 MF Elano
25%
2006/2007 MF Stephen Ireland
24%
2007/2008 MF Stephen Ireland
24%
2008/2009 MF Stephen Ireland
24%
2009/2010 ST Craig Bellamy
23%
2003/2004 ST Robbie Fowler
22%
2004/2005 ST Robbie Fowler
22%
2000/2001 DF Richard Dunne
21%
2001/2002 DF Richard Dunne
21%
2002/2003 DF Richard Dunne
21%
2003/2004 DF Richard Dunne
21%
2004/2005 DF Richard Dunne
21%
2005/2006 DF Richard Dunne
21%
2006/2007 DF Richard Dunne
21%
2007/2008 DF Richard Dunne
21%
2008/2009 DF Richard Dunne
21%
2003/2004 MF Joey Barton
20%
2004/2005 MF Joey Barton
20%
2005/2006 MF Joey Barton
20%
2006/2007 MF Joey Barton
20%
2009/2010 DF Wayne Bridge
18%
1996/1997 ST Paul Dickov
16%
1997/1998 ST Paul Dickov
16%
1998/1999 ST Paul Dickov
16%
1999/2000 ST Paul Dickov
16%
2000/2001 ST Paul Dickov
16%
2010/2011 DF Jérôme Boateng
15%
2007/2008 DF Michael Ball
15%
1991/1992 MF Michael Hughes
15%
1986/1987 ST David White
14%
1988/1989 ST David White
14%
1989/1990 ST David White
14%
1990/1991 ST David White
14%
1991/1992 ST David White
14%
1992/1993 ST David White
14%
1998/1999 ST Shaun Goater
14%
1999/2000 ST Shaun Goater
14%
2000/2001 ST Shaun Goater
14%
2001/2002 ST Shaun Goater
14%
2002/2003 DF Sylvain Distin
14%
2003/2004 DF Sylvain Distin
14%
2004/2005 DF Sylvain Distin
14%
2005/2006 DF Sylvain Distin
14%
2006/2007 DF Sylvain Distin
14%
2003/2004 MF Steve McManaman
13%
1990/1991 ST Niall Quinn
12%
1991/1992 ST Niall Quinn
12%
1992/1993 ST Niall Quinn
12%
1994/1995 ST Niall Quinn
12%
1995/1996 ST Niall Quinn
12%
1994/1995 MF Nicky Summerbee
12%
1995/1996 MF Nicky Summerbee
12%
1996/1997 MF Nicky Summerbee
12%
2001/2002 DF Stuart Pearce
12%
2005/2006 MF Trevor Sinclair
12%
2006/2007 MF Dietmar Hamann
11%
2007/2008 MF Dietmar Hamann
11%
1995/1996 MF Georgiou Kinkladze
11%
1996/1997 MF Georgiou Kinkladze
11%
1997/1998 MF Georgiou Kinkladze
11%
2007/2008 MF Martin Petrov
11%
1995/1996 MF Michael Brown
11%
1997/1998 MF Michael Brown
11%
1998/1999 MF Michael Brown
11%
1993/1994 ST Uwe Rösler
11%
1994/1995 ST Uwe Rösler
11%
1995/1996 ST Uwe Rösler
11%
1996/1997 ST Uwe Rösler
11%
1997/1998 ST Uwe Rösler
11%
1984/1985 DF Clive Wilson
9%
1985/1986 DF Clive Wilson
9%
1986/1987 DF Clive Wilson
9%
2004/2005 DF Danny Mills
9%
2005/2006 ST Darius Vassell
9%
2006/2007 ST Darius Vassell
9%
2007/2008 ST Darius Vassell
9%
1978/1979 ST Gary Owen
9%
2006/2007 ST Georgios Samaras
9%
2002/2003 MF Marc-Vivien Foe
9%
1978/1979 DF David Watson
8%
1998/1999 ST Gareth Taylor
8%
1985/1986 ST Gordon Davies
8%
1980/1981 MF Nicky Reid
8%
1981/1982 MF Nicky Reid
8%
1982/1983 MF Nicky Reid
8%
1983/1984 MF Nicky Reid
8%
1984/1985 MF Nicky Reid
8%
1985/1986 MF Nicky Reid
8%
1990/1991 MF Peter Reid
8%
1991/1992 MF Peter Reid
8%
1993/1994 MF Steve Lomas
8%
1995/1996 MF Steve Lomas
8%
1996/1997 MF Steve Lomas
8%
1992/1993 DF Terry Phelan
8%
1993/1994 DF Terry Phelan
8%
1994/1995 DF Terry Phelan
8%
2004/2005 MF Antoine Sibierski
7%
1989/1990 ST Clive Allen
7%
2002/2003 DF Sun Jihai
7%
2003/2004 DF Sun Jihai
7%
2005/2006 DF Sun Jihai
7%
1981/1982 ST Trevor Francis
7%
2007/2008 DF Vedran Ćorluka
7%
2004/2005 DF Ben Thatcher
6%
2005/2006 DF Ben Thatcher
6%
2004/2005 MF Claudio Reyna
6%
2005/2006 MF Claudio Reyna
6%
1992/1993 MF Garry Flitcroft
6%
1993/1994 MF Garry Flitcroft
6%
1994/1995 MF Garry Flitcroft
6%
2007/2008 MF Gelson Fernandes
6%
1987/1988 DF Ian Brightwell
6%
1988/1989 DF Ian Brightwell
6%
1990/1991 DF Ian Brightwell
6%
1991/1992 DF Ian Brightwell
6%
1992/1993 DF Ian Brightwell
6%
1994/1995 DF Ian Brightwell
6%
1995/1996 DF Ian Brightwell
6%
1996/1997 DF Ian Brightwell
6%
1991/1992 DF Keith Curle
6%
1992/1993 DF Keith Curle
6%
1993/1994 DF Keith Curle
6%
1994/1995 DF Keith Curle
6%
1995/1996 DF Keith Curle
6%
1996/1997 MF Kevin Horlock
6%
1997/1998 MF Kevin Horlock
6%
1998/1999 MF Kevin Horlock
6%
1999/2000 MF Kevin Horlock
6%
2001/2002 MF Kevin Horlock
6%
2002/2003 MF Kevin Horlock
6%
1987/1988 MF Paul Lake
6%
1988/1989 MF Paul Lake
6%
1989/1990 MF Paul Lake
6%
2000/2001 ST Paulo Wanchope
6%
1985/1986 MF Paul Simpson
6%
1986/1987 MF Paul Simpson
6%
1987/1988 MF Paul Simpson
6%
1994/1995 ST Paul Walsh
6%
1992/1993 MF Steve McMahon
6%
1993/1994 MF Steve McMahon
6%
1986/1987 DF Steve Redmond
6%
1987/1988 DF Steve Redmond
6%
1988/1989 DF Steve Redmond
6%
1989/1990 DF Steve Redmond
6%
1990/1991 DF Steve Redmond
6%
1991/1992 DF Steve Redmond
6%
2001/2002 MF Ali Benarbia
5%
2002/2003 MF Ali Benarbia
5%
1991/1992 DF Andy Hill
5%
2006/2007 ST Bernardo Corradi
5%
1998/1999 DF Danny Tiatto
5%
1999/2000 DF Danny Tiatto
5%
2000/2001 DF Danny Tiatto
5%
2001/2002 DF Danny Tiatto
5%
1999/2000 DF Mark Kennedy
5%
2000/2001 DF Mark Kennedy
5%
1989/1990 MF Mark Ward
5%
1990/1991 MF Mark Ward
5%
1979/1980 ST Michael Robinson
5%
1997/1998 DF Richard Edghill
5%
1998/1999 DF Richard Edghill
5%
1999/2000 DF Richard Edghill
5%
2000/2001 DF Steve Howey
5%
2001/2002 DF Steve Howey
5%
1979/1980 DF Tommy Caton
5%
1980/1981 DF Tommy Caton
5%
1981/1982 DF Tommy Caton
5%
1982/1983 DF Tommy Caton
5%
1987/1988 DF Andy Hinchcliffe
4%
1988/1989 DF Andy Hinchcliffe
4%
1989/1990 DF Andy Hinchcliffe
4%
1980/1981 DF Bobby McDonald
4%
1981/1982 DF Bobby McDonald
4%
1982/1983 DF Bobby McDonald
4%
2001/2002 ST Darren Huckerby
4%
1979/1980 ST Dave Bennett
4%
2001/2002 MF Eyal Berkovic
4%
2002/2003 MF Eyal Berkovic
4%
1997/1998 DF Gerard Wiekens
4%
1998/1999 DF Gerard Wiekens
4%
1999/2000 MF Gerard Wiekens
4%
2000/2001 MF Gerard Wiekens
4%
1989/1990 MF Ian Bishop
4%
1999/2000 MF Ian Bishop
4%
1998/1999 MF Jamie Pollock
4%
1999/2000 MF Jeff Whitley
4%
2000/2001 MF Jeff Whitley
4%
1978/1979 MF Kazimierz Deyna
4%
1979/1980 MF Kazimierz Deyna
4%
1980/1981 ST Kevin Reeves
4%
1981/1982 ST Kevin Reeves
4%
1982/1983 ST Kevin Reeves
4%
2003/2004 DF Michael Tarnat
4%
1992/1993 DF Michel Vonk
4%
1993/1994 DF Michel Vonk
4%
1995/1996 MF Nigel Clough
4%
1996/1997 MF Nigel Clough
4%
1978/1979 MF Paul Power
4%
1979/1980 MF Paul Power
4%
1980/1981 MF Paul Power
4%
1981/1982 MF Paul Power
4%
1982/1983 MF Paul Power
4%
1983/1984 MF Paul Power
4%
1984/1985 MF Paul Power
4%
1985/1986 MF Paul Power
4%
1987/1988 ST Paul Stewart
4%
1980/1981 MF Steve MacKenzie
4%
1980/1981 MF Tommy Hutchison
4%
1981/1982 MF Tommy Hutchison
4%
1988/1989 ST Trevor Morley
4%
1990/1991 MF Adrian Heath
3%
1991/1992 MF Adrian Heath
3%
1989/1990 DF Alan Harper
3%
1990/1991 MF Alan Harper
3%
1993/1994 DF Alan Kernaghan
3%
1994/1995 DF Alan Kernaghan
3%
1978/1979 MF Asa Hartford
3%
1981/1982 MF Asa Hartford
3%
1982/1983 MF Asa Hartford
3%
1978/1979 ST Brian Kidd
3%
1989/1990 DF Colin Hendry
3%
1990/1991 DF Colin Hendry
3%
1982/1983 ST David Cross
3%
1993/1994 MF David Rocastle
3%
1982/1983 MF Dennis Tueart
3%
1981/1982 DF Kevin Bond
3%
1982/1983 DF Kevin Bond
3%
1983/1984 DF Kevin Bond
3%
2005/2006 MF Kiki Musampa
3%
1978/1979 ST Mick Channon
3%
1983/1984 DF Mick McCarthy
3%
1984/1985 DF Mick McCarthy
3%
1985/1986 DF Mick McCarthy
3%
1986/1987 DF Mick McCarthy
3%
1992/1993 ST Mike Sheron
3%
1993/1994 ST Mike Sheron
3%
1983/1984 MF Neil McNab
3%
1985/1986 MF Neil McNab
3%
1986/1987 MF Neil McNab
3%
1987/1988 MF Neil McNab
3%
1988/1989 MF Neil McNab
3%
1990/1991 DF Neil Pointon
3%
1991/1992 DF Neil Pointon
3%
2003/2004 MF Paul Bosvelt
3%
2004/2005 MF Paul Bosvelt
3%
1994/1995 MF Peter Beagrie
3%
1979/1980 DF Ray Ranson
3%
1980/1981 DF Ray Ranson
3%
1981/1982 DF Ray Ranson
3%
1982/1983 DF Ray Ranson
3%
1983/1984 DF Ray Ranson
3%
1992/1993 MF Rick Holden
3%
1978/1979 DF Tommy Booth
3%
1979/1980 DF Tommy Booth
3%
1980/1981 DF Tommy Booth
3%
1983/1984 DF Andy May
2%
1984/1985 DF Andy May
2%
1985/1986 DF Andy May
2%
1983/1984 ST Derek Parlane
2%
1989/1990 MF Gary Megson
2%
1983/1984 MF Graham Baker
2%
1984/1985 MF Graham Baker
2%
2006/2007 DF Hatem Trabelsi
2%
1986/1987 ST Imre Varadi
2%
1987/1988 ST Imre Varadi
2%
1995/1996 DF Kit Symons
2%
1996/1997 DF Kit Symons
2%
1997/1998 DF Kit Symons
2%
1997/1998 ST Lee Bradbury
2%
1985/1986 ST Mark Lillis
2%
2002/2003 DF Niclas Jensen
2%
1999/2000 DF Richard Jobson
2%
1979/1980 MF Steve Daley
2%
1997/1998 DF Tony Vaughan
2%
1998/1999 DF Tony Vaughan
2%
1978/1979 DF Willie Donachie
2%
1988/1989 DF Brian Gayle
1%
1979/1980 DF Dragi Stepanović
1%
1996/1997 DF Eddie McGoldrick
1%
1984/1985 ST Jim Melrose
1%
1986/1987 DF John Gidman
1%
1987/1988 DF John Gidman
1%
1985/1986 DF Kenny Clements
1%
1986/1987 DF Kenny Clements
1%
1987/1988 DF Kenny Clements
1%
1988/1989 MF Nigel Gleghorn
1%
1978/1979 DF Paul Futcher
1%
1984/1985 MF Steve Kinsey
1%
1979/1980 MF Tony Henry
1%
1980/1981 MF Tony Henry
1%
1988/1989 ST Wayne Biggins
0%
No matching quizzes found
Score Distribution
Percent of People with Each Score
Percentile by Number Answered
Your Score History
You have not taken this quiz